000 01201cam a22002891i 4500
003 SA-RiAUC
005 20241126054042.0
008 241124s2001 xxu g 000r0 ara c
020 _a8510327599
020 _a9957230158
040 _aSA-RiAUC
_bara
_cSA-RiAUC
_erda
082 0 4 _a252.4
_qSA-RiAUC
090 _a252.4
_bا ب ن ا
100 1 _aابن أبي حجلة، عماد الدين بن أحمد
_eمؤلف.
245 1 2 _aالقول العطر في مصارف الزكاة وصدقة الفطر /
_cتأليف عماد الدين بن أحمد بن أبي حجلة.
250 _aالطبعة الأولى.
264 1 _aإفريت مستشيوسس، الولايات المتحدة الأمريكية :
_bمدرسة الرازي الإسلامية،
_c2001
300 _a119 صفحة ؛
_c24 سم
336 _aنص
_btxt
_2rdacontent
_3كتاب
337 _aبدون وسيط
_bn
_2rdamedia
338 _aمجلد
_bnc
_2rdacarrier
650 7 _aالزكاة (فقه إسلامي)
_2aucsh
650 7 _aالعبادات (فقه إسلامي)
_2aucsh
650 7 _aالصدقات (فقه إسلامي)
_2aucsh
942 _2ddc
_cBOOK
_n0
949 _aSA-JeALM
_d241124
_umohamedma123
_n1
999 _c2764
_d2764